| 000 | 03161nam a22003377a 4500 | ||
|---|---|---|---|
| 001 | TIC 0045 | ||
| 003 | gtcocun | ||
| 005 | 20250922152041.0 | ||
| 006 | a||||gr|||| 00| 0 | ||
| 007 | ta | ||
| 008 | 250922b2024 gt ||||| m||| 00| 0 eng d | ||
| 040 |
_agtcocun _bSPA _cgtcocun _eRDA |
||
| 041 | _aSPA TIC 0045 | ||
| 084 | _0TIC 0045 | ||
| 100 |
_aCuc Xol, Fredy Remigio _eAutor |
||
| 245 |
_aINFORME FINAL DE EJERCICIO PROFESIONAL SUPERVISADO, DISEÑO DE PAVIMENTO RÍGIDO DE 4.57 KM QUE CONDUCE DE LA ALDEA LA CRUZ A LA ALDEA CUMBRE DEL ROSARIO, CHICAMÁN, QUICHÉ, DISEÑO DE RED DE ALCANTARILLADO SANITARIO DE 2.08 KM EN EL CASERÍO EL PAPELILLO CHICAMÁN, QUICHÉ./ _cFredy Remigio Cuc Xol. _hImpreso |
||
| 264 |
_aCobán, Alta Verapaz: _bUniversidad de San Carlos de Guatemala, Centro Universitario del Norte, Ingeniería Civil _c2024 |
||
| 300 |
_a115 p.: _bIlustraciones, gráficas. _c28 cm; |
||
| 300 | _cPDF | ||
| 336 |
_2rdacontenido _aTexto _btxt |
||
| 337 |
_2rdamedio _aComputadora _bn |
||
| 338 |
_2rdasoporte _aCódigo en línea _bcr |
||
| 502 | _eTIC 0045 | ||
| 502 |
_aTesis de grado _bIngeniería Civil, _cUniversidad de San Carlos de Guatemala, Centro Universitario del Norte, Ingeniería Civil _d2024 _oTIC 0045 |
||
| 520 | 1 | 4 | _aEl Ejercicio Profesional Supervisado (EPS) se realizó en el municipio de Chicamán, del departamento de Quiché, éste se llevó a cabo en un período de seis meses y se desarrolló en cuatro fases, la primera fue la realización de la investigación para tener el diagnóstico y así identificar las necesidades para luego priorizarlas y plantear las propuestas desde la ingeniería civil, a partir de ello se consideró el diseño de un edificio municipal, el diseño de un alcantarillado sanitario y el diseño de pavimento rígido. La segunda fase consistió en el plan de trabajo, se determinó dentro de las tres propuestas; dos proyectos con aplicación teórica y técnica de la ingeniería civil, los cuales fueron: el diseño de red de alcantarillado sanitario de 2.08 km en el Caserío El Papelillo y el diseño de pavimento rígido de 4.57 km que conduce de la aldea La Cruz a la aldea Cumbre del Rosario. Se omitió el diseño de edificio municipal debido al corto tiempo en que se desarrolló el EPS. La tercera fase consistió en la ejecución del plan de trabajo que corresponde a la obtención de datos topográficos, muestras de suelo, diseño geométrico e hidráulico y la elaboración de planos para los proyectos. La finalización del estudio y diseño corresponden a la cuarta fase, con la presentación del resultado final del diseño de los dos proyectos ejecutados durante los 6 meses de investigación. |
| 650 | 1 | 4 |
_2LEMB _aCaserío El Papelillo Chicamán, El Quiche. _xIngeniería Civil _xDiseño _xPresupuesto _xEspecificaciones técnicas _xTopografía _xEstudio de suelo |
| 700 |
_aIng. Civil William David Xol Sí _dIng. Civil William David Xol Sí _eAsesor |
||
| 856 |
_uhttps://drive.google.com/file/d/1AAsmXdRNKS6HO6fwb81LBOacaC00L7Ra/view _yPDF _zUn ejemplar en línea. |
||
| 942 |
_2ddc _cTES _iTIC 0045 _kClasificación _n0 _6TIC_0045_000000000000000 |
||
| 999 |
_c2029 _d2029 |
||